China's Currency : Economic Issues and Options for U.S. Trade Policy.

Reviews economic issues and U.S. trade policy options concerning the pegging of China's currency (the yuan) to the U.S. dollar. Examines the economics of fixed exchange rates, trends and factors in the U.S.-China trade deficit, economic consequences of China's currency peg, and proposed le...

Full description

Bibliographic Details
Corporate Authors: Library of Congress. Congressional Research Service, ProQuest (Firm)
Format: eBook
Language:English
Published: [Place of publication not identified] : [publisher not identified], 2007.
Series:U.S. Congressional Research.
Subjects:
Online Access:Connect to the full text of this electronic book

MARC

Tag First Indicator Second Indicator Subfields
LEADER 00000cam a22000001a 4500
001 in00003334813
006 m d f
007 cr bn mmmapmmp
008 101214s2007 dcu o f000 0 eng d
005 20260429195405.2
035 |a cis2007860067 
040 |a ProQuest  |c ProQuest  |d UtOrBLW 
043 |a n-us--- 
099 |a CRS-2007-FDT-0840 
110 2 |a Library of Congress.  |b Congressional Research Service. 
245 1 0 |a China's Currency :  |b Economic Issues and Options for U.S. Trade Policy. 
264 1 |a [Place of publication not identified] :  |b [publisher not identified],  |c 2007. 
300 |a 1 online resource. 
336 |a text  |b txt  |2 rdacontent 
337 |a computer  |b c  |2 rdamedia 
338 |a online resource  |b cr  |2 rdacarrier 
500 |a Record is based on bibliographic data in ProQuest U.S. Congressional Research Digital Collection (last viewed Dec. 2010). Reuse except for individual research requires license from ProQuest, LLC. 
500 |a CRS Report. 
520 |a Reviews economic issues and U.S. trade policy options concerning the pegging of China's currency (the yuan) to the U.S. dollar. Examines the economics of fixed exchange rates, trends and factors in the U.S.-China trade deficit, economic consequences of China's currency peg, and proposed legislation. Includes tables. 
500 |a Electronic resource. 
650 0 |a Foreign exchange. 
650 0 |a International trade. 
650 0 |a International trade  |v Statistics. 
655 7 |a Electronic books.  |2 local 
710 2 |a ProQuest (Firm) 
776 0 8 |i Microfiche version:   |a Library of Congress. Congressional Research Service.  |t China's Currency 
830 0 |a U.S. Congressional Research. 
856 4 0 |u http://proxy.library.tamu.edu/login?url=https://congressional.proquest.com/congcomp/getdoc?CRDC-ID=CRS-2007-FDT-0840  |z Connect to the full text of this electronic book  |t 0 
999 |a MARS 
999 f f |s b455fdf9-c6cb-3245-830e-2fa0cbe2cf9e  |i 40184648-5e93-3c9c-a751-49b81a565521  |t 0 
952 f f |a Texas A&M University  |b College Station  |c Electronic Resources  |s www_evans  |d Available Online  |t 0  |e CRS-2007-FDT-0840  |h Other scheme 
998 f f |a CRS-2007-FDT-0840  |t 0  |l Available Online